| 000 -LEADER |
| fixed length control field |
01377cam a2200337 a 4500 |
| 003 - CONTROL NUMBER IDENTIFIER |
| control field |
OSt |
| 005 - DATE AND TIME OF LATEST TRANSACTION |
| control field |
20200811160914.0 |
| 008 - FIXED-LENGTH DATA ELEMENTS--GENERAL INFORMATION |
| fixed length control field |
071120s2008 enkaf b 001 0 eng |
| 010 ## - LIBRARY OF CONGRESS CONTROL NUMBER |
| LC control number |
2007048067 |
| 020 ## - INTERNATIONAL STANDARD BOOK NUMBER |
| International Standard Book Number |
0521896827 (hbk.) |
| 020 ## - INTERNATIONAL STANDARD BOOK NUMBER |
| International Standard Book Number |
9780521896825 (hbk.) |
| 035 ## - SYSTEM CONTROL NUMBER |
| System control number |
(OCoLC)182573582 |
| 035 ## - SYSTEM CONTROL NUMBER |
| System control number |
(OCoLC)ocn182573582 |
| 050 00 - LIBRARY OF CONGRESS CALL NUMBER |
| Classification number |
QC981.8.C5 |
| Item number |
F329 2008 |
| 082 00 - DEWEY DECIMAL CLASSIFICATION NUMBER |
| Classification number |
551.6 |
| Edition number |
22 |
| 245 00 - TITLE STATEMENT |
| Title |
Facing climate change together / |
| Statement of responsibility, etc |
[edited by] Catherine Gautier and Jean-Louis Fellous. |
| 260 ## - PUBLICATION, DISTRIBUTION, ETC. (IMPRINT) |
| Place of publication, distribution, etc |
Cambridge, UK ; |
| -- |
New York : |
| Name of publisher, distributor, etc |
Cambridge University Press, |
| Date of publication, distribution, etc |
2008. |
| 300 ## - PHYSICAL DESCRIPTION |
| Extent |
xv, 257 p., [8] p. of plates : |
| Other physical details |
ill. (some col.) ; |
| Dimensions |
26 cm. |
| 504 ## - BIBLIOGRAPHY, ETC. NOTE |
| Bibliography, etc |
Includes bibliographical references (p. 243-251) and index. |
| 650 #0 - SUBJECT ADDED ENTRY--TOPICAL TERM |
| Topical term or geographic name as entry element |
Climatic changes. |
| 650 #0 - SUBJECT ADDED ENTRY--TOPICAL TERM |
| Topical term or geographic name as entry element |
Hydrologic cycle. |
| 650 #0 - SUBJECT ADDED ENTRY--TOPICAL TERM |
| Topical term or geographic name as entry element |
Global temperature changes. |
| 650 #0 - SUBJECT ADDED ENTRY--TOPICAL TERM |
| Topical term or geographic name as entry element |
Atmospheric chemistry |
| General subdivision |
Environmental aspects. |
| 650 #0 - SUBJECT ADDED ENTRY--TOPICAL TERM |
| Topical term or geographic name as entry element |
Nature |
| General subdivision |
Effect of human beings on. |
| 700 1# - ADDED ENTRY--PERSONAL NAME |
| Personal name |
Gautier, Catherine, |
| Dates associated with a name |
1947- |
| 700 1# - ADDED ENTRY--PERSONAL NAME |
| Personal name |
Fellous, J. L. |
| Fuller form of name |
(Jean-Louis) |
| 856 42 - ELECTRONIC LOCATION AND ACCESS |
| Materials specified |
Contributor biographical information |
| Uniform Resource Identifier |
<a href="http://www.loc.gov/catdir/enhancements/fy0809/2007048067-b.html">http://www.loc.gov/catdir/enhancements/fy0809/2007048067-b.html</a> |
| 856 42 - ELECTRONIC LOCATION AND ACCESS |
| Materials specified |
Publisher description |
| Uniform Resource Identifier |
<a href="http://www.loc.gov/catdir/enhancements/fy0809/2007048067-d.html">http://www.loc.gov/catdir/enhancements/fy0809/2007048067-d.html</a> |
| 856 41 - ELECTRONIC LOCATION AND ACCESS |
| Materials specified |
Table of contents only |
| Uniform Resource Identifier |
<a href="http://www.loc.gov/catdir/enhancements/fy0809/2007048067-t.html">http://www.loc.gov/catdir/enhancements/fy0809/2007048067-t.html</a> |
| 942 ## - ADDED ENTRY ELEMENTS (KOHA) |
| Source of classification or shelving scheme |
|